Managerial aspects of IRDP (Record no. 50059)

MARC details
000 -LEADER
fixed length control field 00565nam a2200145 a 4500
008 - FIXED-LENGTH DATA ELEMENTS--GENERAL INFORMATION
fixed length control field 120416s1990 ||||||||||||||||| || u
050 ## - LIBRARY OF CONGRESS CALL NUMBER
Classification number HT 147.I77 Cha
100 ## - MAIN ENTRY--PERSONAL NAME
Personal name Chawla, O. P
245 10 - TITLE STATEMENT
Title Managerial aspects of IRDP
246 ## - VARYING FORM OF TITLE
Title proper/short title a comparative study of two blocks in 1983 and 1987
260 ## - PUBLICATION, DISTRIBUTION, ETC.
Place of publication, distribution, etc. Pune
Name of publisher, distributor, etc. National Instutute of Bank Management
Date of publication, distribution, etc. 1990
300 ## - PHYSICAL DESCRIPTION
Extent viii, 132p. : ill.
350 ## - PRICE (NR) (BK AM CF MU VM SE) [OBSOLETE]
Price 0.00
995 ## - RECOMMENDATION 995 [LOCAL, UNIMARC FRANCE]
-- 0.00
-- CBU-MAIN LIBRARY (Kitwe)
-- 1
-- 350.00
-- 1
-- AVAILABLE
-- Annex Low-Usage Collection
Holdings
Withdrawn status Lost status Source of classification or shelving scheme Damaged status Not for loan Home library Current library Shelving location Date acquired Total Checkouts Full call number Barcode Date last seen Price effective from Koha item type
          CBU-MAIN LIBRARY, KITWE. CBU-MAIN LIBRARY, KITWE.   11/30/2022   HT 147.I77 Cha 37919 11/30/2022 11/30/2022 MONOGRAPH